|
|
|
|
| LEADER |
00000nam a22000007a 4500 |
| 005 |
20220831220210.0 |
| 007 |
cr|||| |||| |
| 008 |
220831s2021 es |||||s|||| 00||0 spa d |
| 020 |
|
|
|a 978-84-124357-9-5
|
| 035 |
|
|
|a 36316
|
| 040 |
|
|
|a vLex
|
| 090 |
|
|
|c 13857
|d 13857
|
| 100 |
1 |
|
|a Olmedo Cardenete, Miguel
|
| 245 |
1 |
0 |
|a Ciencia penal y generosidad
|h [Recurso electrn̤ico] :
|b De lo mexicano a lo universal /
|c Miguel Olmedo Cardenete, Miguel Polaino-Orts, Nieves Sanz Mulas, Miguel ℓngel Nę︢z Paz
|
| 256 |
|
|
|a Servicio en ln̕ea
|
| 260 |
|
|
|a Barcelona:
|b J.M. Bosch Editor,
|c 2021
|
| 300 |
|
|
|a 1 recurso electrn̤ico
|
| 506 |
1 |
|
|a Disponible solo en los productos indicados
|d vLex Global
|d vLex Global (Academic Edition, excluding Law Schools)
|d vLex Global (U.S. Academic Edition, Law Schools)
|d vLex Global (U.S. Academic Edition, excluding Law Schools)
|d vLex Global (Academic Edition, Law Schools)
|
| 650 |
0 |
4 |
|a Derecho Penal
|z Espaą
|
| 700 |
1 |
|
|a Polaino-Orts, Miguel
|
| 700 |
1 |
|
|a Sanz Mulas, Nieves
|
| 700 |
1 |
|
|a Nę︢z Paz, Miguel ℓngel
|
| 740 |
0 |
|
|a vLex Libros (Servicio en ln̕ea)
|
| 856 |
4 |
0 |
|u https://app.vlex.com/#/sources/36316
|z Acceso restringido
|
| 942 |
|
|
|c BOOK
|
| 999 |
0 |
|
|a Criminal law
|